Alle Charaktere in "Nathan der Weise" - Statistiken

Allgemein
  • Dieses Quiz wurde 95 mal gespielt
  • Das Durchschnittsergebnis liegt bei 7 aus 10
Antwortstatistiken
Bezeichnung/Rolle Name % Korrekt
reicher Jude Nathan
98%
Sultan in Jerusalem Saladin
88%
Adoptivtochter des reichen Juden Recha
87%
Christin, Kindermädchen Daja
86%
Christ ; rettet eine Jüdin aus dem Feuer Tempelherr
76%
Schwester des Sultans Sittah
71%
Derwisch von Jerusalem Al-Hafi
62%
wartet vor dem Kloster auf jemanden Klosterbruder
61%
... von Jerusalem Patriarch
49%
Ein Emir im Palast des Sultans Mansor
7%
Keine übereinstimmenden Quizze gefunden
Verteilung der Resultate
Anzahl Personen mit jedem Resultat
Perzentil nach korrekt beantworteten Fragen
Ihre Resultats-Entwicklung
Sie haben dieses Quiz noch nicht gespielt